[Event "81759 VI. Rakosmente Open"]
[Site "Budapest, Hungary"]
[Date "2013.06.15"]
[Round "2.11"]
[White "Czumbel, Peter"]
[Black "Matuska, Miklos"]
[Result "1-0"]
[WhiteElo "1573"]
[BlackElo "2104"]
[PlyCount "124"]
[EventDate "2013.??.??"]

1. Nf3 c5 2. g3 b6 3. Bg2 Bb7 4. c4 Nf6 5. O-O e6 6. d4 cxd4 7. Nxd4 Bxg2 8.
Kxg2 a6 9. Nc3 Qc7 10. Qd3 Nc6 11. Nxc6 Qxc6+ 12. e4 Be7 13. f3 d6 14. Be3 O-O
15. Rac1 Rfc8 16. b3 Rab8 17. Na4 Nd7 18. Rfd1 Nc5 19. Nxc5 bxc5 20. Bd2 Bf6
21. Ba5 Bd4 22. Bc3 e5 23. Ba5 Rf8 24. g4 Rbe8 25. Bd2 Re6 26. Rf1 h6 27. h4 f6
28. h5 Qb7 29. Rh1 Re7 30. Rb1 Rb8 31. b4 Qa8 32. a3 Ra7 33. Rb3 Qc6 34. Rbb1
Qa4 35. bxc5 Rb3 36. Rxb3 dxc5 37. Rb8+ Kh7 38. Qb3 Qxb3 39. Rxb3 g6 40. Rb6
Kg7 41. hxg6 Kxg6 42. Bc1 a5 43. a4 Bc3 44. Rb5 Bb4 45. f4 exf4 46. Bxf4 Rd7
47. Be3 Re7 48. Kf3 Rc7 49. Kf4 Rc6 50. e5 Re6 51. exf6 Rxf6+ 52. Ke5 Rf3 53.
Bxc5 Bc3+ 54. Ke4 Rg3 55. Kf4 Rd3 56. Rb6+ Kg7 57. Rd6 Rxd6 58. Bxd6 Kf6 59.
Bc7 Bd2+ 60. Ke4 Kg5 61. c5 Kxg4 62. c6 Bb4 1-0

[Event "81759 VI. Rakosmente Open"]
[Site "Budapest, Hungary"]
[Date "2013.06.15"]
[Round "2.12"]
[White "Polyanszky-Tamasi, Zoltan"]
[Black "Forgacs, Andras"]
[Result "0-1"]
[WhiteElo "1822"]
[BlackElo "1489"]
[PlyCount "82"]
[EventDate "2013.??.??"]

1. Nf3 d5 2. c4 Nf6 3. e3 c5 4. cxd5 Nxd5 5. Bb5+ Nc6 6. Ne5 Bd7 7. Bxc6 Bxc6
8. Qf3 f6 9. Qh5+ g6 10. Nxg6 hxg6 11. Qxh8 Nb4 12. Na3 Bxg2 13. Rg1 Bf3 14.
Qh3 Bh5 15. f3 Qd5 16. Rg3 Rd8 17. Kf1 Nd3 18. Nb5 Qc6 19. Nc3 Ne5 20. e4 Qa6+
21. Kg1 Qd3 22. f4 Qd4+ 23. Kf1 Nd3 24. Rxd3 Qc4 25. Nd5 Qxe4 26. Nc7+ Kf7 27.
Rxd8 Qe2+ 28. Kg1 Qd1+ 29. Qf1 Qg4+ 30. Kh1 Qf5 31. Qc4+ Kg7 32. Rxf8 Bf3+ 33.
Kg1 Qg4+ 34. Kf2 Qg2+ 35. Ke3 Kxf8 36. Ne6+ Ke8 37. Nxc5 Bd5 38. Qb5+ Bc6 39.
Qe2 Qd5 40. d4 e5 41. Bd2 Qxd4# 0-1

[Event "81759 VI. Rakosmente Open"]
[Site "Budapest, Hungary"]
[Date "2013.06.15"]
[Round "2.13"]
[White "Czimer, Jozsef"]
[Black "Quan, Vu"]
[Result "1-0"]
[WhiteElo "1669"]
[BlackElo "1192"]
[PlyCount "57"]
[EventDate "2013.??.??"]

1. Nf3 d5 2. d4 Nf6 3. Bf4 e6 4. Nbd2 Nc6 5. c3 Bd6 6. e3 Bxf4 7. exf4 O-O 8.
Bd3 Re8 9. O-O Nd7 10. Bxh7+ Kxh7 11. Ng5+ Kg8 12. Qh5 Nf6 13. Qxf7+ Kh8 14.
Ndf3 Re7 15. Qg6 Kg8 16. Rfe1 Bd7 17. Qc2 Qf8 18. Nh4 Ree8 19. Ng6 Qd6 20. Ne5
Re7 21. Ng6 Ree8 22. Qe2 Rad8 23. Qf3 Nh7 24. Nxh7 Kxh7 25. Qh5+ Kg8 26. Re3
Ne7 27. Ne5 Nf5 28. Rh3 Nh6 29. g4 1-0

[Event "81759 VI. Rakosmente Open"]
[Site "Budapest, Hungary"]
[Date "2013.06.15"]
[Round "2.14"]
[White "Karacsonyi, Kata"]
[Black "Szurovszky, Elek"]
[Result "0-1"]
[WhiteElo "1309"]
[BlackElo "2118"]
[PlyCount "56"]
[EventDate "2013.??.??"]

1. e4 e5 2. Nf3 Nc6 3. Bb5 Bc5 4. c3 f5 5. exf5 e4 6. Bxc6 dxc6 7. Ne5 Qg5 8.
O-O Bxf5 9. d4 Qf6 10. Ng4 Qe6 11. dxc5 Bxg4 12. Qd4 Nf6 13. Bg5 O-O 14. Na3
Rad8 15. Qc4 Qxc4 16. Nxc4 Be2 17. Bxf6 Rxf6 18. Rfe1 Bxc4 19. Rxe4 Bf7 20.
Rae1 Bxa2 21. Re7 Rd2 22. Rxc7 h6 23. h3 Rfxf2 24. Re8+ Kh7 25. Ree7 Rxg2+ 26.
Kf1 Bc4+ 27. Ke1 Rxb2 28. Rcd7 Rg1# 0-1

[Event "81759 VI. Rakosmente Open"]
[Site "Budapest, Hungary"]
[Date "2013.06.15"]
[Round "2.15"]
[White "Bangha, Otto Peter"]
[Black "Karacsonyi, Gellert"]
[Result "0-1"]
[WhiteElo "1274"]
[BlackElo "1687"]
[PlyCount "145"]
[EventDate "2013.??.??"]

1. e4 e6 2. d4 d5 3. Nd2 dxe4 4. Nxe4 Nd7 5. Nf3 Ngf6 6. Ng3 c5 7. Be3 Be7 8.
Bd3 O-O 9. O-O Qc7 10. c4 cxd4 11. Bxd4 Rd8 12. Qc2 e5 13. Be3 Nc5 14. Bxc5
Bxc5 15. Ng5 h6 16. N5e4 Nxe4 17. Bxe4 Bg4 18. h3 Be6 19. Rfd1 Rxd1+ 20. Rxd1
Rd8 21. Rxd8+ Qxd8 22. Bxb7 Qb6 23. Bf3 Qb4 24. b3 Qe1+ 25. Nf1 g6 26. Qe2 Qxe2
27. Bxe2 Bf5 28. g4 Bb1 29. Nd2 Bxa2 30. Bd1 Bb4 31. Ne4 Bb1 32. Nf6+ Kg7 33.
Nd7 f6 34. c5 Be4 35. Kh2 Kf7 36. f3 Bd5 37. Be2 Bxb3 38. c6 Ba4 39. Nb8 Bd6
40. Bc4+ Ke7 41. c7 Bxc7 42. Na6 Bd6 43. Kg2 Bc6 44. Kf2 Bb7 45. Ke3 Kd7 46.
Kd3 Kc6 47. Kc3 Kb6 48. Nb4 Bxf3 49. Nd5+ Bxd5 50. Bxd5 f5 51. gxf5 gxf5 52.
Bf3 e4 53. Be2 Be5+ 54. Kd2 f4 55. h4 f3 56. Bf1 Bf4+ 57. Kd1 e3 58. Ke1 Bg3+
59. Kd1 e2+ 60. Bxe2 fxe2+ 61. Kxe2 Bxh4 62. Kd3 Bg5 63. Ke2 h5 64. Kf2 a5 65.
Kg3 a4 66. Kf3 a3 67. Ke4 a2 68. Kf5 a1=Q 69. Kxg5 Kc5 70. Kxh5 Qg1 71. Kh4 Kd5
72. Kh5 Ke5 73. Kh6 0-1

[Event "81759 VI. Rakosmente Open"]
[Site "Budapest, Hungary"]
[Date "2013.06.15"]
[Round "2.16"]
[White "Toth, Nikoletta"]
[Black "Csermely, Zoltan"]
[Result "0-1"]
[WhiteElo "1126"]
[BlackElo "1662"]
[PlyCount "58"]
[EventDate "2013.??.??"]

1. e4 c5 2. c3 e5 3. d4 exd4 4. cxd4 cxd4 5. Qxd4 Nc6 6. Qd1 Nf6 7. Nc3 Bb4 8.
Bd3 Qa5 9. Nge2 d5 10. a3 d4 11. axb4 Qxa1 12. Nb5 O-O 13. Nf4 Nxb4 14. O-O
Nxd3 15. Qxd3 Qa6 16. e5 Bd7 17. Rd1 Bxb5 18. Qg3 Ne4 19. Qg4 f5 20. Qh5 Be8
21. Qh4 g5 22. Qh3 gxf4 23. Bxf4 Qe2 24. Rf1 Bb5 25. g3 Qxf1+ 26. Qxf1 Bxf1 27.
Kxf1 d3 28. Ke1 Rac8 29. f3 d2+ 0-1

[Event "81759 VI. Rakosmente Open"]
[Site "Budapest, Hungary"]
[Date "2013.06.15"]
[Round "2.17"]
[White "Olah, Laszlo Istvan"]
[Black "Galambos, Manuel"]
[Result "1-0"]
[WhiteElo "1641"]
[BlackElo "1396"]
[PlyCount "67"]
[EventDate "2013.??.??"]

1. e4 e5 2. Nf3 Nc6 3. Bb5 a6 4. Ba4 Nf6 5. O-O b5 6. Bb3 d6 7. d4 Bg4 8. dxe5
Nxe5 9. Bg5 Nxf3+ 10. gxf3 Bh5 11. Nc3 Be7 12. Re1 O-O 13. Kh1 Nxe4 14. Bxe7
Nxf2+ 15. Kg1 Qxe7 16. Rxe7 Nxd1 17. Rxd1 Rac8 18. a4 bxa4 19. Bxa4 f6 20. Bb3+
Bf7 21. Bxf7+ Rxf7 22. Rde1 Kf8 23. R7e6 g5 24. Nd5 Rb8 25. b3 c6 26. Nxf6 Kg7
27. Ne4 d5 28. Nxg5 Rf6 29. Rxf6 Kxf6 30. Nxh7+ Kg6 31. Re7 Rg8 32. h4 Rg7 33.
Rxg7+ Kxg7 34. Ng5 1-0

[Event "81759 VI. Rakosmente Open"]
[Site "Budapest, Hungary"]
[Date "2013.06.15"]
[Round "2.19"]
[White "Kovacs, Gabor Etele"]
[Black "Viola, Gellert"]
[Result "1-0"]
[WhiteElo "1558"]
[BlackElo "1296"]
[PlyCount "69"]
[EventDate "2013.??.??"]

1. e4 c5 2. c3 d6 3. d4 cxd4 4. cxd4 g6 5. Nc3 Bg7 6. Nf3 Bg4 7. Be2 Nf6 8. O-O
O-O 9. Bg5 Nbd7 10. h3 Bxf3 11. Bxf3 Qc7 12. Rc1 Qd8 13. Qb3 Nb6 14. e5 dxe5
15. dxe5 Nfd7 16. e6 Nc5 17. exf7+ Rxf7 18. Qc2 Qf8 19. Qe2 Bf6 20. Bxf6 Rxf6
21. Rfe1 Re8 22. Qe3 Ncd7 23. Bxb7 Rb8 24. Bd5+ Nxd5 25. Nxd5 Rf7 26. Nxe7+ Kh8
27. Nc6 Rxb2 28. Qd4+ Qg7 29. Re8+ Nf8 30. Ne5 Rfxf2 31. Rxf8+ Rxf8 32. Qxb2
Rf5 33. Rc8+ Rf8 34. Rxf8+ Qxf8 35. Nxg6+ 1-0

[Event "81759 VI. Rakosmente Open"]
[Site "Budapest, Hungary"]
[Date "2013.06.15"]
[Round "3.1"]
[White "Terbe, Julianna"]
[Black "Mihok, Laszlo"]
[Result "1-0"]
[WhiteElo "1928"]
[BlackElo "2109"]
[PlyCount "103"]
[EventDate "2013.??.??"]

1. Nf3 d5 2. g3 c6 3. Bg2 Bg4 4. O-O Nf6 5. d3 Nbd7 6. Nbd2 e5 7. e4 dxe4 8.
dxe4 Qc7 9. c3 a5 10. a4 Be7 11. Qc2 O-O 12. h3 Bxf3 13. Nxf3 Rfd8 14. Nh4 g6
15. Bh6 Nf8 16. Rad1 Ne6 17. Nf3 Nc5 18. Ng5 Qb6 19. Kh2 Rxd1 20. Rxd1 Rd8 21.
Rxd8+ Qxd8 22. Bf1 Ne8 23. Nf3 Qd6 24. Bc4 Ne6 25. Qb3 Nd8 26. Kg2 Qc5 27. Be3
Qd6 28. Bb6 Nc7 29. Bxa5 Nce6 30. Bxe6 Nxe6 31. Qxb7 g5 32. Qb4 c5 33. Qb6 Qd3
34. Qb8+ Kg7 35. Qxe5+ Bf6 36. Qd5 Qc2 37. b3 h5 38. e5 Be7 39. Qd7 Bf8 40. Bd8
g4 41. hxg4 hxg4 42. Bf6+ Kg8 43. Ng5 Nxg5 44. Bxg5 Qe4+ 45. Kh2 Qe2 46. Qf5
Bg7 47. Bf6 Bh6 48. e6 fxe6 49. Qg6+ Kf8 50. Qxh6+ Ke8 51. Qf4 Kd7 52. b4 1-0

[Event "81759 VI. Rakosmente Open"]
[Site "Budapest, Hungary"]
[Date "2013.06.15"]
[Round "3.2"]
[White "Szentgyorgyi, Sandor"]
[Black "Markos, Adam"]
[Result "1/2-1/2"]
[WhiteElo "1861"]
[BlackElo "2073"]
[PlyCount "67"]
[EventDate "2013.??.??"]

1. e4 d6 2. d4 Nf6 3. Nc3 c6 4. Be3 b5 5. Bd3 Nbd7 6. Nf3 a6 7. Ne2 Bb7 8. Ng3
g6 9. h3 Bg7 10. Qd2 h5 11. Bg5 Qc7 12. a4 e6 13. c3 Nb6 14. b3 bxa4 15. bxa4
c5 16. a5 Nbd7 17. O-O O-O 18. Bh6 d5 19. Bxg7 Kxg7 20. Ng5 dxe4 21. N3xe4 Nxe4
22. Bxe4 Bxe4 23. Nxe4 Qc6 24. f3 Rfd8 25. Qf4 cxd4 26. cxd4 Qd5 27. Rfd1 Rab8
28. Qd2 Rdc8 29. Rdc1 e5 30. dxe5 Qxd2 31. Nxd2 Nxe5 32. Ne4 Rxc1+ 33. Rxc1 Rb5
34. Rc5 1/2-1/2

[Event "81759 VI. Rakosmente Open"]
[Site "Budapest, Hungary"]
[Date "2013.06.15"]
[Round "3.3"]
[White "Bege, Levente"]
[Black "Yip, Michael"]
[Result "0-1"]
[WhiteElo "1815"]
[BlackElo "2007"]
[PlyCount "74"]
[EventDate "2013.??.??"]

1. e4 c5 2. Nf3 d6 3. d4 cxd4 4. Nxd4 Nf6 5. Nc3 e6 6. Be2 a6 7. Be3 Be7 8. O-O
Qc7 9. a4 b6 10. f3 O-O 11. Qe1 Bb7 12. Qg3 Re8 13. Rfd1 Nc6 14. Qf2 Nd7 15. f4
Nxd4 16. Bxd4 Bf8 17. Bf3 Bc6 18. Kh1 Rab8 19. Re1 g6 20. Rad1 b5 21. axb5 axb5
22. Ne2 b4 23. b3 e5 24. Bb2 Nc5 25. fxe5 dxe5 26. Ng3 Ne6 27. Ne2 Bc5 28. Qg3
f6 29. h4 Kg7 30. Qh3 Bf2 31. Rf1 Be3 32. g3 Nc5 33. h5 Nxe4 34. Bxe4 Bxe4+ 35.
Kh2 Re7 36. h6+ Bxh6 37. Rxf6 Bg5 0-1

[Event "81759 VI. Rakosmente Open"]
[Site "Budapest, Hungary"]
[Date "2013.06.15"]
[Round "3.4"]
[White "Szoukup, Istvan"]
[Black "Suranyi, Pal"]
[Result "0-1"]
[WhiteElo "1722"]
[BlackElo "2115"]
[PlyCount "132"]
[EventDate "2013.??.??"]

1. e4 c5 2. Nf3 d6 3. d4 cxd4 4. Nxd4 Nf6 5. Nc3 a6 6. Be3 Ng4 7. Bg5 h6 8. Bh4
g5 9. Bg3 Bg7 10. h3 Ne5 11. f3 Nbc6 12. Bf2 Be6 13. Nd5 Bxd5 14. exd5 Qa5+ 15.
Qd2 Qxd2+ 16. Kxd2 Nxd4 17. Bxd4 Nxf3+ 18. gxf3 Bxd4 19. c3 Bf2 20. Be2 h5 21.
Raf1 Bg3 22. Rhg1 h4 23. Rg2 e6 24. dxe6 fxe6 25. Bd3 Kd7 26. Re2 Rh6 27. Kc2
Rf6 28. c4 Rc8 29. b3 b5 30. Kb2 b4 31. Re4 a5 32. Be2 Rc5 33. Kb1 Re5 34. Bd3
d5 35. Rxe5 Bxe5 36. Be2 Kd6 37. Rd1 Bc3 38. Kc2 Ke5 39. c5 Kf4 40. c6 Rf7 41.
Ba6 Be5 42. Bc8 Rc7 43. Bd7 Kxf3 44. Kd3 Kf2 45. Rd2+ Kg3 46. Ke2 d4 47. Rd3+
Kf4 48. Rd1 Ke4 49. Rg1 d3+ 50. Kd1 Bg3 51. Kd2 Bf4+ 52. Kd1 Kd5 53. Ke1 e5 54.
Kf2 e4 55. Rd1 Kd4 56. Kf1 e3 57. Bg4 Rxc6 58. Kg2 Rc2+ 59. Kg1 e2 60. Bxe2
Rxe2 61. Kf1 Be3 62. a4 bxa3 63. b4 Rf2+ 64. Ke1 d2+ 65. Rxd2+ Rxd2 66. bxa5 a2
0-1

[Event "81759 VI. Rakosmente Open"]
[Site "Budapest, Hungary"]
[Date "2013.06.15"]
[Round "3.5"]
[White "Forgacs, Andras"]
[Black "Sulcz, Istvan"]
[Result "0-1"]
[WhiteElo "1489"]
[BlackElo "1903"]
[PlyCount "74"]
[EventDate "2013.??.??"]

1. d4 Nf6 2. c4 g6 3. Nc3 d5 4. Bf4 Bg7 5. cxd5 Nxd5 6. Nxd5 Qxd5 7. Nf3 Nc6 8.
e3 O-O 9. Bxc7 Bf5 10. Be2 Rac8 11. Bf4 Qa5+ 12. Qd2 Qxd2+ 13. Nxd2 e5 14. dxe5
Nxe5 15. O-O Nd3 16. e4 Nxf4 17. Bf3 Be6 18. b3 Bxa1 19. Rxa1 Rfd8 20. Nf1 Nd3
21. Ne3 Rc1+ 22. Rxc1 Nxc1 23. Nd5 Bxd5 24. exd5 Nxa2 25. b4 Nxb4 26. d6 Rxd6
27. g3 a5 28. Bxb7 a4 29. Be4 a3 30. Bb1 Rd1+ 31. Kg2 Rxb1 32. h4 a2 33. h5
a1=Q 34. hxg6 hxg6 35. g4 Rg1+ 36. Kh2 Qf1 37. f4 Qg2# 0-1

[Event "81759 VI. Rakosmente Open"]
[Site "Budapest, Hungary"]
[Date "2013.06.15"]
[Round "3.6"]
[White "Lakat, Gyula"]
[Black "Czimer, Jozsef"]
[Result "1-0"]
[WhiteElo "1860"]
[BlackElo "1669"]
[PlyCount "93"]
[EventDate "2013.??.??"]

1. d4 Nf6 2. c4 e6 3. Nf3 Bb4+ 4. Bd2 Be7 5. Nc3 O-O 6. e4 d6 7. Qc2 Nc6 8. a3
e5 9. d5 Nd4 10. Nxd4 exd4 11. Ne2 c5 12. dxc6 bxc6 13. Nxd4 Bb7 14. Nf5 Re8
15. Bd3 Bf8 16. O-O c5 17. f3 Nd7 18. Rad1 Ne5 19. Be2 Qb6 20. h4 Re6 21. h5 g6
22. f4 Nd7 23. Ng3 Nf6 24. f5 gxf5 25. Rxf5 Nxe4 26. Nxe4 Bxe4 27. Rg5+ Bg7 28.
Bd3 Bxd3 29. Qxd3 Kh8 30. Bc3 Bxc3 31. Qxc3+ f6 32. Rf1 Rf8 33. h6 Qb7 34. Rg7
Qe4 35. b3 Qh4 36. Qd2 f5 37. Qg5 Rxh6 38. Qxh4 Rxh4 39. Rxa7 Rd4 40. Rf3 Rf6
41. a4 Rd1+ 42. Kf2 Rd2+ 43. Kf1 Rg6 44. Rxf5 Rgxg2 45. Rf8+ Rg8 46. Rxg8+ Kxg8
47. Rd7 1-0

[Event "81759 VI. Rakosmente Open"]
[Site "Budapest, Hungary"]
[Date "2013.06.15"]
[Round "3.7"]
[White "Kokeny, Norbert Adrian"]
[Black "Czumbel, Peter"]
[Result "1-0"]
[WhiteElo "1782"]
[BlackElo "1573"]
[PlyCount "75"]
[EventDate "2013.??.??"]

1. e4 d6 2. d3 Nf6 3. Nf3 g6 4. g3 Bg7 5. Bg2 Nbd7 6. O-O O-O 7. Nbd2 c6 8. c3
b5 9. d4 Bb7 10. Qc2 a6 11. b3 e5 12. dxe5 dxe5 13. c4 Qe7 14. Bb2 Rfe8 15.
Rac1 Rac8 16. c5 b4 17. a3 a5 18. axb4 axb4 19. Qc4 Bf8 20. Qxb4 Nxc5 21. Rxc5
Rb8 22. Ba3 Nd7 23. Rc4 Qd8 24. Qc3 Bxa3 25. b4 Ba6 26. Qxa3 Ra8 27. Qc3 Bxc4
28. Nxc4 Qc7 29. Rd1 Re7 30. Nd6 Re6 31. Nxf7 Kxf7 32. Ng5+ Ke7 33. Nxe6 Kxe6
34. Bh3+ Kf6 35. Qf3+ Kg5 36. Qg4+ Kh6 37. Qh4+ Kg7 38. Rxd7+ 1-0

[Event "81759 VI. Rakosmente Open"]
[Site "Budapest, Hungary"]
[Date "2013.06.15"]
[Round "3.8"]
[White "Mitlasovszki, Imre"]
[Black "Safar, Istvan"]
[Result "1/2-1/2"]
[WhiteElo "2044"]
[BlackElo "1694"]
[PlyCount "85"]
[EventDate "2013.??.??"]

1. e4 c5 2. d4 cxd4 3. c3 dxc3 4. Nxc3 Nc6 5. Nf3 g6 6. Bc4 e6 7. O-O Bg7 8.
Qe2 Nge7 9. Nb5 O-O 10. Bf4 e5 11. Bg5 Qb6 12. Be3 Qa5 13. Nd6 Nd8 14. a3 a6
15. b4 Qc7 16. Rfd1 b5 17. Bb3 Ne6 18. a4 Bb7 19. Rac1 Bc6 20. axb5 axb5 21.
Qb2 Nc8 22. Nxb5 Qb8 23. Bxe6 fxe6 24. Na3 Bxe4 25. Rxd7 Bxf3 26. gxf3 Nd6 27.
Bc5 Qe8 28. Rxd6 Rxf3 29. Nc4 Qe7 30. Qe2 Qg5+ 31. Kh1 Qxc1+ 32. Kg2 Rf5 33. h4
Qf4 34. Ne3 Rh5 35. Qf3 Qxf3+ 36. Kxf3 Bf8 37. Rxe6 Rxh4 38. Rxe5 Bxc5 39. bxc5
Rc8 40. Kg3 Ra4 41. Nd5 Ra3+ 42. Re3 Rxe3+ 43. Nxe3 1/2-1/2

[Event "81759 VI. Rakosmente Open"]
[Site "Budapest, Hungary"]
[Date "2013.06.15"]
[Round "3.9"]
[White "Szurovszky, Elek"]
[Black "Karacsonyi, Gellert"]
[Result "0-1"]
[WhiteElo "2118"]
[BlackElo "1687"]
[PlyCount "104"]
[EventDate "2013.??.??"]

1. e4 e6 2. d4 d5 3. exd5 exd5 4. Bd3 Bd6 5. c3 Ne7 6. Qf3 O-O 7. Ne2 c6 8. h4
Ng6 9. h5 Nh4 10. Rxh4 Qxh4 11. g3 Qh3 12. h6 Re8 13. Be3 Bg4 14. Bxh7+ Kxh7
15. Qxf7 Re7 16. Qf8 Bxe2 17. Kd2 Bg4 18. hxg7 Rxg7 19. Qxd6 Qf1 20. c4 Qe2+
21. Kc3 Qxc4+ 22. Kd2 Qe2+ 23. Kc3 Na6 24. Na3 Qf3 25. Qh6+ Kg8 26. Rh1 Re8 27.
Nb1 Nc7 28. a4 Re6 29. Qh8+ Kf7 30. Kb3 c5 31. Ka2 Re8 32. Qh4 Qf6 33. Qxf6+
Kxf6 34. dxc5 Kf7 35. Bd4 Bf3 36. Rh2 Rg4 37. Rh7+ Kf8 38. Be3 Ne6 39. Rxb7 d4
40. Bh6+ Kg8 41. Rxa7 Nxc5 42. Nd2 Bd5+ 43. Ka3 Rb8 44. b4 Ne6 45. b5 Rc8 46.
b6 Rc3+ 47. Kb4 Nd8 48. Rd7 Nc6+ 49. Kb5 Bf7 50. Rc7 Be8 51. a5 Nb8+ 52. Kb4
Na6# 0-1

[Event "81759 VI. Rakosmente Open"]
[Site "Budapest, Hungary"]
[Date "2013.06.15"]
[Round "3.10"]
[White "Terbe, Zsuzsanna"]
[Black "Olah, Laszlo Istvan"]
[Result "1-0"]
[WhiteElo "1866"]
[BlackElo "1641"]
[PlyCount "61"]
[EventDate "2013.??.??"]

1. e4 e5 2. Nc3 Nf6 3. Bc4 Nxe4 4. Qh5 Nd6 5. Bb3 Nc6 6. Nb5 g6 7. Qf3 f5 8.
Qd5 Qe7 9. Nxc7+ Kd8 10. Nxa8 b6 11. Nxb6 axb6 12. Qd3 Bb7 13. Qf1 Nd4 14. Ne2
Bg7 15. Nxd4 exd4+ 16. Kd1 Re8 17. f3 d3 18. Qxd3 f4 19. Qf1 Qh4 20. c3 Qh5 21.
d3 g5 22. Bd2 g4 23. Kc2 gxf3 24. gxf3 Bxf3 25. Rg1 Re2 26. Re1 Rxe1 27. Qxe1
Bh6 28. Qf2 Nf5 29. Qxb6+ Ke7 30. Qb4+ d6 31. Bxf4 1-0

[Event "81759 VI. Rakosmente Open"]
[Site "Budapest, Hungary"]
[Date "2013.06.15"]
[Round "3.11"]
[White "Bartuszek, Andras"]
[Black "Kovacs, Gabor Etele"]
[Result "1/2-1/2"]
[WhiteElo "1846"]
[BlackElo "1558"]
[PlyCount "58"]
[EventDate "2013.??.??"]

1. e4 e6 2. d4 d5 3. Nd2 dxe4 4. Nxe4 Nd7 5. Bd3 Ngf6 6. Ng3 Be7 7. h4 e5 8.
Nf3 exd4 9. Nxd4 Ne5 10. Be3 Bg4 11. Qd2 c5 12. Ndf5 Bxf5 13. Nxf5 Nxd3+ 14.
cxd3 Bf8 15. O-O Qd7 16. Ng3 Be7 17. Rac1 Rc8 18. h5 Nd5 19. Bg5 f6 20. Be3
Nxe3 21. fxe3 Kf7 22. Qc3 Rhd8 23. Rcd1 Qg4 24. Ne4 Qxh5 25. Qb3+ Qd5 26. Qa4
a6 27. Nc3 Qe6 28. Ne4 Qd5 29. Nc3 Qe6 1/2-1/2

[Event "81759 VI. Rakosmente Open"]
[Site "Budapest, Hungary"]
[Date "2013.06.15"]
[Round "3.12"]
[White "Abraham, Lajos"]
[Black "Novak, Levente Peter"]
[Result "1-0"]
[WhiteElo "1828"]
[BlackElo "1417"]
[PlyCount "102"]
[EventDate "2013.??.??"]

1. d4 d5 2. c4 c6 3. e3 Nf6 4. Nc3 e6 5. Nf3 Bb4 6. Bd3 Nbd7 7. Bd2 O-O 8. a3
Ba5 9. O-O Re8 10. h3 Nf8 11. Rc1 Ng6 12. b4 Bc7 13. Qc2 e5 14. cxd5 cxd5 15.
Nb5 Bb6 16. Bxg6 hxg6 17. Nxe5 a6 18. Nc7 Bxc7 19. Qxc7 Qxc7 20. Rxc7 Ne4 21.
Rd1 Rf8 22. f3 Nd6 23. a4 Rb8 24. Rdc1 Be6 25. Nd7 Bxd7 26. Rxd7 Nc4 27. Rc2
Rfd8 28. Rxd8+ Rxd8 29. Bc1 Re8 30. Kf2 f5 31. h4 Kf7 32. g3 Kf6 33. Rc3 g5 34.
hxg5+ Kg6 35. f4 Rh8 36. Kg2 Re8 37. Kf3 Rh8 38. Kg2 Re8 39. a5 Kf7 40. g4 fxg4
41. Kg3 Rh8 42. Kxg4 Rh1 43. e4 Rg1+ 44. Kh3 Rd1 45. exd5 Rxd4 46. Kg3 Nd6 47.
Be3 Rxd5 48. Rc7+ Kg6 49. Kg4 Rb5 50. Bc5 Ne4 51. Bf8 Nf2+ 1-0

[Event "81759 VI. Rakosmente Open"]
[Site "Budapest, Hungary"]
[Date "2013.06.15"]
[Round "3.13"]
[White "Szurkos, Andras"]
[Black "Xiao Hu, Chen"]
[Result "0-1"]
[WhiteElo "1816"]
[BlackElo "1397"]
[PlyCount "113"]
[EventDate "2013.??.??"]

1. e4 c5 2. Nf3 d6 3. Nc3 Nf6 4. Bc4 Bg4 5. e5 dxe5 6. Bxf7+ Kxf7 7. Nxe5+ Ke8
8. Nxg4 Qd7 9. Nxf6+ gxf6 10. d3 Qc6 11. Qg4 Nd7 12. Bf4 h5 13. Qg6+ Kd8 14.
O-O-O e5 15. Be3 Kc7 16. g3 b5 17. Qf7 Rc8 18. Qd5 Nb6 19. Qxc6+ Kxc6 20. f4
Bh6 21. Rhe1 b4 22. Ne4 Nd5 23. c4 Nxe3 24. Rxe3 exf4 25. Rf3 fxg3+ 26. Kc2
gxh2 27. Rxf6+ Kb7 28. Rh1 Bg7 29. Rf7+ Rc7 30. Rxc7+ Kxc7 31. Rxh2 Bd4 32. Rh4
Kd7 33. b3 Ke6 34. Kd2 Rg8 35. Rh2 h4 36. Ke2 Kf5 37. Kf3 Rg4 38. Rh3 Rf4+ 39.
Ke2 Kg4 40. Rh2 h3 41. Rh1 Kh4 42. Rh2 Bg1 43. Rh1 h2 44. Nd2 Kg3 45. d4 Bxd4
46. Nf1+ Kg2 47. Rxh2+ Kg1 48. Rh5 Rf2+ 49. Kd3 Kxf1 50. Rh7 Rxa2 51. Ke4 Ra3
52. Kd5 Rxb3 53. Rxa7 Ra3 54. Rb7 b3 55. Ke4 b2 56. Rh7 b1=Q+ 57. Kd5 0-1

[Event "81759 VI. Rakosmente Open"]
[Site "Budapest, Hungary"]
[Date "2013.06.15"]
[Round "3.14"]
[White "Csermely, Zoltan"]
[Black "Pirityi, Andras"]
[Result "0-1"]
[WhiteElo "1662"]
[BlackElo "1754"]
[PlyCount "84"]
[EventDate "2013.??.??"]

1. e4 g6 2. d4 Bg7 3. Nf3 d6 4. Bc4 Nf6 5. Qd3 d5 6. exd5 Nxd5 7. Bxd5 Qxd5 8.
Nc3 Qe6+ 9. Be3 c6 10. O-O-O O-O 11. h3 b6 12. d5 Qd7 13. dxc6 Qxd3 14. cxd3
Nxc6 15. d4 Ba6 16. Rhe1 Nb4 17. Rg1 Rac8 18. a3 Na2+ 19. Kd2 Nxc3 20. bxc3
Rfd8 21. Bf4 f6 22. Kc2 Bb5 23. Kb2 g5 24. Be3 h6 25. Rge1 Rd5 26. Nd2 Ba4 27.
Rc1 e5 28. c4 Rdd8 29. d5 f5 30. Ka2 f4 31. Bxb6 axb6 32. Rb1 b5 33. Ne4 Rxc4
34. d6 Bc2 35. Rbc1 Rxe4 36. Rxe4 Bxe4 37. Rc5 Rxd6 38. f3 Bd3 39. Kb3 Bc4+ 40.
Kb4 Rd3 41. Ka5 Rxa3+ 42. Kb6 Bf1 0-1

[Event "81759 VI. Rakosmente Open"]
[Site "Budapest, Hungary"]
[Date "2013.06.15"]
[Round "3.16"]
[White "Toth, Viktor"]
[Black "Matuska, Miklos"]
[Result "0-1"]
[WhiteElo "1402"]
[BlackElo "2104"]
[PlyCount "86"]
[EventDate "2013.??.??"]

1. e4 c5 2. Nf3 d6 3. d4 cxd4 4. Nxd4 Nf6 5. Nc3 a6 6. Be3 e5 7. Nf3 h6 8. Bc4
Qc7 9. Bb3 Be7 10. Nd5 Nxd5 11. Bxd5 Nd7 12. Qd2 Nf6 13. Bb3 O-O 14. Qd3 b6 15.
h3 Bb7 16. Nd2 Rfd8 17. f3 d5 18. exd5 Nxd5 19. Ne4 Nf4 20. Qf1 Bxe4 21. fxe4
Bc5 22. Bxf4 exf4 23. Bd5 Rxd5 24. exd5 Re8+ 25. Kd1 Qe5 26. c3 Qxd5+ 27. Kc2
Qe4+ 28. Kb3 b5 29. a3 Qd5+ 30. Kc2 Re3 31. Rd1 Qe4+ 32. Kb3 Re2 33. Ka2 Qc4+
34. Ka1 Bxa3 35. Rd8+ Bf8 36. Rd4 Qe6 37. Rxf4 Ba3 38. Rf2 Bxb2+ 39. Kb1 Qe4+
40. Ka2 Qa4+ 41. Kb1 Qc2+ 42. Ka2 Bxc3+ 43. Ka3 Qa4# 0-1

[Event "81759 VI. Rakosmente Open"]
[Site "Budapest, Hungary"]
[Date "2013.06.15"]
[Round "3.17"]
[White "Bege, Mate"]
[Black "Polyanszky-Tamasi, Zoltan"]
[Result "0-1"]
[WhiteElo "1637"]
[BlackElo "1822"]
[PlyCount "98"]
[EventDate "2013.??.??"]

1. e4 c6 2. d4 d5 3. Nc3 dxe4 4. Nxe4 Nf6 5. Nxf6+ gxf6 6. Nf3 Qd5 7. c4 Qe4+
8. Be3 Bg4 9. Bd3 Qe6 10. Qe2 Nd7 11. O-O-O O-O-O 12. Kb1 Qd6 13. d5 c5 14. Qd2
b6 15. h3 Bxf3 16. gxf3 Ne5 17. Bf4 Nxf3 18. Qe3 Ne5 19. Rhe1 Bg7 20. Qg3 Rdg8
21. Bf5+ Kd8 22. Rg1 Bh6 23. Qxg8+ Rxg8 24. Rxg8+ Kc7 25. Bxh6 Nxc4 26. Rg4 Ne5
27. Re4 e6 28. Bxh7 f5 29. Ree1 exd5 30. Bf4 f6 31. Bxf5 d4 32. b3 b5 33. Re4
Kb6 34. Bxe5 fxe5 35. f4 Qf6 36. Rxe5 Qh4 37. Bg4 Qf2 38. f5 Qf4 39. Re6+ Ka5
40. Kb2 c4 41. bxc4 bxc4 42. Re7 a6 43. Rd7 Qf2+ 44. Ka1 d3 45. Rd5+ Kb4 46.
Rb1+ Kc3 47. Rc1+ Kd2 48. Rb1 Kc2 49. f6 Qxf6+ 0-1

[Event "81759 VI. Rakosmente Open"]
[Site "Budapest, Hungary"]
[Date "2013.06.15"]
[Round "3.19"]
[White "Quan, Vu"]
[Black "Galambos, Manuel"]
[Result "1/2-1/2"]
[WhiteElo "1192"]
[BlackElo "1396"]
[PlyCount "94"]
[EventDate "2013.??.??"]

1. d4 Nf6 2. c4 g6 3. Nc3 Bg7 4. e4 d6 5. Nf3 Nbd7 6. Bd3 e5 7. d5 Nc5 8. Bg5
h6 9. Bxf6 Bxf6 10. O-O O-O 11. h3 Be7 12. Nh2 f5 13. exf5 Bxf5 14. Bxf5 Rxf5
15. b4 Nd7 16. g4 Rf8 17. Qd3 Kh7 18. Nf3 a6 19. a4 c5 20. Rab1 cxb4 21. Rxb4
Nc5 22. Qe3 Bg5 23. Nxg5+ Qxg5 24. Qxg5 hxg5 25. Rb6 Rad8 26. Kg2 Rf4 27. Ra1
Rxc4 28. Nd1 Rd7 29. Ne3 Rxa4 30. Rxa4 Nxa4 31. Rb4 Nc5 32. Nc4 b5 33. Ne3 Rb7
34. Kf1 Kg7 35. Ke2 Kf7 36. f3 a5 37. Rb2 b4 38. Nc4 a4 39. Nxd6+ Ke7 40. Nxb7
a3 41. Rxb4 a2 42. d6+ Kf7 43. Nxc5 a1=Q 44. Rb7+ Kf6 45. Ne4+ Ke6 46. Re7+ Kd5
47. d7 Qa6+ 1/2-1/2